00394nam a2200169Ia 4500003000400000005001700004008004100021020001800062040000700080041000800087082001300095100002200108245002500130260004000155300001600195365001300211OSt20220614102341.0210423s2010 xx 000 0 und d a9788130915852 cAL aeng a546 WULG aWULFSBERG (Gary). aInorganic chemistry. aNew DelhibViva Books Pvt Ltdc2010 axix,978bPB b395cINR